| 000 | 00433nam a2200121Ia 4500 | ||
|---|---|---|---|
| 008 | 220217s9999 xx 000 0 und d | ||
| 245 | 0 | _aMethods of testing vulcanized rubber. Part A 17. Determination of the permeability of rubber to gases. (Constant volume method). | |
| 260 | _c1973 | ||
| 500 | _aStandard number: BS 903 Part A 17 | ||
| 650 | _aConstant volume method | ||
| 650 | _aVulcanized rubber Gas permeability | ||
| 942 | _cST | ||
| 999 |
_c73171 _d73171 |
||